| 000 | 00515nam a2200181Ia 4500 | ||
|---|---|---|---|
| 005 | 20250423095300.0 | ||
| 008 | 250422s9999 xx 000 0 und d | ||
| 020 | _a9789788065517 | ||
| 050 | _aP 91.3 .E87/ | ||
| 100 | _aEdited by Olufemi Onabajo | ||
| 245 | 0 | _aEssentials of media relations | |
| 260 | _aLagos | ||
| 260 | _bConcept Publications | ||
| 260 | _c2005 | ||
| 300 | _a160 p | ||
| 650 | _a Mass media--Study and teaching (Higher) Communication--Study and teaching (Higher) | ||
| 942 | _cBK | ||
| 999 |
_c29800 _d29800 |
||